000
00313nam a22001217a 4500
008
160429b xxu||||| |||| 00| 0 eng d
020
_a
9780683021530
020
_a
06383021532
041
_a
eng
080
_a
618.2
245
_a
Nursing diagnosis:
_c
Helen C. Hinz; Mittie D. Hinz; Mary Ann Lubno;
942
_2
udc
_c
BK
999
_c
1670
_d
1670